Cartels and their behaviour on food markets
Na minha lista:
| Autor principal: | |
|---|---|
| Outros Autores: | |
| Formato: | Capítulo de Livro |
| Idioma: | inglês |
| Assuntos: | |
| Tags: |
Sem tags, seja o primeiro a adicionar uma tag!
|
MARC
| LEADER | 00000naa a2200000 4500 | ||
|---|---|---|---|
| 001 | 0174076 | ||
| 005 | 20231211070940.6 | ||
| 041 | 0 | |a eng | |
| 044 | |a CZ | ||
| 245 | 1 | 0 | |a Cartels and their behaviour on food markets |c Lucie Severová, Stanislav Bendl |
| 610 | 2 | 0 | |a trh potravinový |
| 610 | 2 | 0 | |a kartely |
| 610 | 2 | 0 | |a oligopoly |
| 610 | 2 | 0 | |a konkurencia |
| 610 | 2 | 0 | |a poľnohospodárstvo |
| 610 | 2 | 0 | |a produkty |
| 610 | 2 | 0 | |a ceny |
| 100 | 1 | |a Severová, Lucie | |
| 700 | 1 | |a Bendl, Stanislav | |